000 00597nam a22001817a 4500
005 20251108175010.0
008 250721s2010 xx 000 0 ara d
082 1 4 _a370.12/بنا
100 1 _aفلبس، دنس
_eمحرر
245 1 0 _aالبنائية في التربية آراء في قضايا جدلية وآراء رادة عليها /
264 1 _aعمان :
_bدار وائل للنشر،
_c2010.
300 _a400ص
650 1 7 _aالتربية
650 1 7 _aفلسفة التربية
700 1 _aالشيخ، عمر حسن
_eمترجم
942 _2ddc
_cBK
999 _c123550
_d123550